00618 a2200181 4500003000400000005001700004008004100021020001800062040000900080082001800089100003200107245006300139260003300202300001000235942004200245952013200287999001700419OSt20231229135921.0231229b |||||||| |||| 00| 0 eng d a9788120339156 coclc a621.56bARO/R1 aArora, R. C.,d1933-910233 aRefrigeration and air conditioning /cRamesh Chandra Arora aDelhi:bPHI Learning,c2019. a1087p 2ddccBKh621.56iARO/Rk621.56mARO/R 00102ddc40708DAIRYaMESbMEScDAIRYd2024-01-19l0o621.56 ARO/Rp45084r2024-01-19 10:03:13v695.00w2024-01-19yBKzU21R1 c44235d44235